Military power and the advance of technology

Gorde:
Xehetasun bibliografikoak
Egile nagusia: Deitchman, Seymor J.
Formatua: Liburua
Hizkuntza:Undetermined
Argitaratua: Colorado Westview 1983
Gaiak:
Etiketak: Etiketa erantsi
Etiketarik gabe, Izan zaitez lehena erregistro honi etiketa jartzen!
Thư viện lưu trữ: Trung tâm Học liệu Trường Đại học Cần Thơ
LEADER 00473nam a2200169Ia 4500
001 CTU_78996
008 210402s9999 xx 000 0 und d
082 |a 355.8 
082 |b D324 
100 |a Deitchman, Seymor J. 
245 0 |a Military power and the advance of technology 
245 0 |c Seymor J. Deitchman 
260 |a Colorado 
260 |b Westview 
260 |c 1983 
650 |a Military art and science 
980 |a Trung tâm Học liệu Trường Đại học Cần Thơ